[Event "Troisdorf op"]
[Site "Troisdorf"]
[Date "2007.11.09"]
[Round "4"]
[White "Rosenberger, Friedrich"]
[Black "Akstinat, Sven Holger"]
[Result "0-1"]
[WhiteElo "1950"]
[BlackElo "2170"]
[PlyCount "88"]
[EventDate "2007.10.16"]
[EventType "swiss"]
[EventRounds "5"]
[EventCountry "GER"]
[SourceTitle "EXT 2011"]
[Source "ChessBase"]
[SourceDate "2010.11.26"]
[SourceVersion "1"]
[SourceVersionDate "2010.11.26"]
[SourceQuality "1"]

1. e4 d5 2. exd5 Qxd5 3. Nc3 Qa5 4. d4 c6 5. Nf3 Bf5 6. Bd3 Bxd3 7. Qxd3 e6 8. 0-0 Nd7 9. Bd2 Qc7 10. Ne4 Ngf6 11. c4 Nxe4 12. Qxe4 Nf6 13. Qe2 Bd6 14. Bc3 0-0 15. d5 exd5 16. Bxf6 gxf6 17. cxd5 cxd5 18. Rfd1 Rad8 19. g3 Rfe8 20. Qd2 Qb6 21. Nd4 Re4 22. Nf5 Bf8 23. Kg2 d4 24. Qd3 Qe6 25. Qf3 Rd5 26. g4 d3 27. Rxd3 Rxd3 28. Qxd3 Rxg4+ 29. Ng3 h5 30. f3 Rg5 31. f4 Rd5 32. f5 Qe5 33. Qc3 h4 34. Qxe5 Rxe5 35. Nf1 Rxf5 36. Ne3 h3+ 37. Kg3 Bd6+ 38. Kg4 Rf2 39. Nd5 Be5 40. Kxh3 Rxh2+ 41. Kg4 Rxb2 42. Rc1 Rxa2 43. Ne7+ Kf8 44. Nf5 Ke8 0-1